Формулы фармации. Т. 5, № 3 (Запись № 13463224)

Подробности
000 -МАРКЕР
контрольное поле 00935nam2a2200205 4500
001 - ИДЕНТИФИКАТОР ЗАПИСИ
контрольное поле RU\NLR\PER_A\012236232_000410
005 - ИДЕНТИФИКАТОР ВЕРСИИ
контрольное поле 20250810084151.0
035 ## - ДРУГИЕ СИСТЕМНЫЕ НОМЕРА
Идентификатор записи (NLR Aleph) 022598849
100 ## - ДАННЫЕ ОБЩЕЙ ОБРАБОТКИ
Данные общей обработки 20250808d2023 u y0rusy50 ca
101 0# - ЯЗЫК РЕСУРСА
Язык текста, звукозаписи и т.д. русский
102 ## - СТРАНА ПУБЛИКАЦИИ ИЛИ ПРОИЗВОДСТВА
Страна публикации Российская Федерация
200 0# - ЗАГЛАВИЕ И СВЕДЕНИЯ ОБ ОТВЕТСТВЕННОСТИ
Основное заглавие Т. 5, № 3
210 ## - ПУБЛИКАЦИЯ, РАСПРОСТРАНЕНИЕ И ДР.
Дата издания, распространения и т.д. 2023
461 #0 - УРОВЕНЬ НАБОРА
Встроенное поле 001RU\NLR\BIBL_A\012236232
-- 2001#$aФормулы фармации$dPharmacy formulas$eнаучно-практический журнал$zeng$vТ. 5, № 3
Системный номер (АБИС) связанной записи 11010766
Место публикации Санкт-Петербург
Дата публикации 2019 -
Параллельное заглавие Pharmacy formulas
Имя издателя, распространителя и т.д. Северо-Западный институт медико-биологических проблем и охраны окружающей среды
Сведения, относящиеся к заглавию научно-практический журнал
Заглавие Формулы фармации
ISSN 2713-153X
Номер тома Т. 5, № 3
852 ## - МЕСТОНАХОЖДЕНИЕ И ШИФР ХРАНЕНИЯ
Идентификатор организации NLR
Шифр хранения (Call Number) П17/1838
942 ## - ДОПОЛНИТЕЛЬНЫЕ ЭЛЕМЕНТЫ ЗАПИСИ (АБИС)
Тип экземпляра АБИС Выпуск
980 ## - КОЛЛЕКЦИЯ
Название коллекции Русская периодика
980 ## - КОЛЛЕКЦИЯ
Название коллекции Национальная библиография

Нет доступных экземпляров.